[Event "KNSB Meesterklasse 2017-2018"]
[Site "DSC Noord, Apeldoorn"]
[Date "2018.02.03"]
[Round "6.9"]
[White "Duijn, Rob"]
[Black "Warmerdam, Max"]
[Result "1/2-1/2"]
[WhiteElo "2175"]
[BlackElo "2373"]
[PlyCount "178"]
[EventDate "2018.??.??"]
[WhiteTeam "Kennemer Combinatie"]
[BlackTeam "MuConsult Apeldoorn"]

1. d4 Nf6 2. Nf3 g6 3. Bf4 Bg7 4. e3 O-O 5. Nbd2 d6 6. Bc4 b6 7. O-O c5 8. a4
a6 9. c3 Bb7 10. h3 Nc6 11. Qe2 d5 12. Bb3 e6 13. Rfd1 Qe7 14. Bg5 Qc7 15. Bf4
Qe7 16. Bg5 cxd4 17. exd4 Qc7 18. Qe3 b5 19. axb5 axb5 20. Qf4 Qxf4 21. Bxf4
Nd7 22. Bd6 Rfc8 23. Ne1 b4 24. Nd3 bxc3 25. bxc3 Na5 26. Bb4 Nc6 27. Bd6 Ba6
28. Nc5 Nxc5 29. Bxc5 Bh6 30. Ra2 Be2 31. Rda1 Rxa2 32. Rxa2 Rb8 33. Ba4 Ra8
34. Nb3 Bd1 35. Ra3 Bf8 36. Bxf8 Kxf8 37. Nc5 Bxa4 38. Rxa4 Rxa4 39. Nxa4 Ke7
40. Kf1 Kd6 41. Ke2 h5 42. h4 Ne7 43. g3 Nf5 44. Kd3 f6 45. c4 dxc4+ 46. Kxc4
g5 47. hxg5 fxg5 48. Nc3 Ke7 49. Ne2 h4 50. gxh4 gxh4 51. Nf4 Kf6 52. f3 Ne3+
53. Kd3 Nd5 54. Ke4 Nc3+ 55. Ke3 Kf5 56. Nh3 Nd5+ 57. Kf2 Nf4 58. Ng1 Kf6 59.
Ke3 h3 60. Nxh3 Nxh3 61. Ke4 Ng5+ 62. Kf4 Nf7 63. Ke4 Nd6+ 64. Kf4 Nb5 65. Ke4
Nc7 66. Kf4 Nd5+ 67. Ke4 Nc3+ 68. Kf4 Nb5 69. Ke4 Nd6+ 70. Kf4 Nc8 71. Ke4 Nb6
72. Kf4 Na4 73. Ke4 Nc3+ 74. Kf4 Ne2+ 75. Ke4 Ng3+ 76. Kf4 Nf1 77. Ke4 Nd2+ 78.
Ke3 Nf1+ 79. Ke4 Ng3+ 80. Kf4 Nf5 81. Ke4 Ne7 82. Kf4 Kf7 83. Ke5 Ng6+ 84. Ke4
Kf6 85. d5 e5 86. d6 Ke6 87. d7 Kxd7 88. Kf5 Nh4+ 89. Kxe5 Nxf3+ 1/2-1/2

[Event "KNSB Meesterklasse 2017-2018"]
[Site "DSC Noord, Apeldoorn"]
[Date "2018.02.03"]
[Round "6.10"]
[White "Lammens, Tim"]
[Black "Van der Lende, Ilias"]
[Result "1-0"]
[WhiteElo "2282"]
[BlackElo "2327"]
[PlyCount "69"]
[EventDate "2018.??.??"]
[WhiteTeam "MuConsult Apeldoorn"]
[BlackTeam "Kennemer Combinatie"]

1. Nf3 d5 2. g3 g6 3. Bg2 Bg7 4. d4 Nf6 5. O-O O-O 6. c4 c6 7. cxd5 cxd5 8. Nc3
Ne4 9. Ne5 Nxc3 10. bxc3 b6 11. c4 Bb7 12. Bb2 Na6 13. cxd5 Bxd5 14. Nc6 Bxc6
15. Bxc6 Rb8 16. Qa4 Qc8 17. Bf3 b5 18. Qa5 Rb6 19. Rac1 Qb8 20. Rc2 Rd6 21.
Rfc1 Qb6 22. Qxb6 axb6 23. e3 Nb4 24. Rd2 Nd5 25. Rd3 Ra8 26. Rb3 Rxa2 27. Rc8+
Bf8 28. e4 Rf6 29. Kg2 Rxf3 30. Kxf3 Nf6 31. Rxb5 e6 32. Rxb6 Kg7 33. d5 Ba3
34. Bxf6+ Kxf6 35. Ra6 1-0